Departments of France and their capitals / Départements français et leurs capitales #1 - Statistics

General Stats
  • This quiz has been taken 942 times
    940 since last reset
  • The average score is 8 of 15
Answer Stats
Département Préfecture % Correct
Bouches du Rhône Marseille
91%
Alpes maritimes Nice
87%
Calvados Caen
73%
Hautes Alpes Gap
63%
Ain Bourg en Bresse
61%
Aube Troyes
53%
Aveyron Rodez
51%
Ardèche Privas
50%
Aude Carcassonne
49%
Ardennes Charleville Mézières
47%
Ariège Foix
46%
Allier Moulins
46%
Cantal Aurillac
45%
Aisne Laon
43%
Alpes de Haute Provence Digne les bains
34%
No matching quizzes found
Score Distribution
Percent of People with Each Score
Percentile by Number Answered
Your Score History
You have not taken this quiz since the last reset